000
00265pam a2200121 a 4500
020
_c
041
_h
082
_a
415.03
_b
VIR
100
_a
VIRKAR K. B.,
245
_a
LITTLE MODERN DICTIONARY
_h
Textual Documents
260
_b
Not Defined
_c
1970
930
_a
11256
999
_c
130700
_d
130700